[Event "DOM-chT"]
[Site "Santiago de los Caballeros"]
[Date "2017.08.19"]
[Round "4.1"]
[White "De Los Santos, Hector"]
[Black "Ferreras Cruz, Sergio A"]
[Result "0-1"]
[WhiteElo "1750"]
[BlackElo "2054"]
[PlyCount "58"]
[EventDate "2017.08.17"]
[EventType "team-swiss"]
[EventRounds "6"]
[EventCountry "DOM"]
[SourceTitle "EXT 2019"]
[Source "ChessBase"]
[SourceDate "2018.10.10"]
[SourceVersion "1"]
[SourceVersionDate "2018.10.10"]
[SourceQuality "1"]
[WhiteTeam "San Pedro de Macoris"]
[BlackTeam "Bahoruco"]
[WhiteTeamCountry "DOM"]
[BlackTeamCountry "DOM"]

1. d4 Nf6 2. c4 g6 3. Nc3 d5 4. e3 Bg7 5. cxd5 Nxd5 6. Be2 0-0 7. Nf3 Nc6 8. 0-0 e5 9. Nxd5 Qxd5 10. dxe5 Qxd1 11. Rxd1 Nxe5 12. a4 Bg4 13. Ra3 Rad8 14. h3 Nxf3+ 15. gxf3 Bxh3 16. Rad3 Rxd3 17. Rxd3 Bf6 18. Kh2 Be6 19. b3 Rd8 20. Rxd8+ Bxd8 21. Bd1 Be7 22. Bb2 a6 23. f4 b5 24. axb5 axb5 25. e4 Bb4 26. Kg3 c5 27. Bf6 c4 28. Bc2 Bd2 29. Kf3 b4 0-1

[Event "DOM-chT"]
[Site "Santiago de los Caballeros"]
[Date "2017.08.17"]
[Round "1.1"]
[White "Ferreras Cruz, Sergio A"]
[Black "Reynoso Henriquez, Juan Bautista"]
[Result "0-1"]
[WhiteElo "2054"]
[BlackElo "2070"]
[PlyCount "72"]
[EventDate "2017.08.17"]
[EventType "team-swiss"]
[EventRounds "6"]
[EventCountry "DOM"]
[SourceTitle "EXT 2019"]
[Source "ChessBase"]
[SourceDate "2018.10.10"]
[SourceVersion "1"]
[SourceVersionDate "2018.10.10"]
[SourceQuality "1"]
[WhiteTeam "Bahoruco"]
[BlackTeam "Duarte"]
[WhiteTeamCountry "DOM"]
[BlackTeamCountry "DOM"]

1. c4 e5 2. g3 Nf6 3. Bg2 Bc5 4. Nc3 0-0 5. d3 h6 6. Nf3 d6 7. 0-0 c6 8. a3 a5 9. Rb1 Na6 10. h3 Bf5 11. Kh2 Qd7 12. Na4 Ba7 13. Nc3 Rfe8 14. Nd2 Rad8 15. b4 axb4 16. axb4 Bd4 17. Qc2 d5 18. c5 Nc7 19. Na4 e4 20. dxe4 Nxe4 21. Nxe4 Bxe4 22. Bxe4 Rxe4 23. e3 Bf6 24. Qd3 Nb5 25. Bd2 Be5 26. Nb6 Qe6 27. f3 Rh4 28. Kg2 Qxh3+ 29. Kf2 Qxg3+ 30. Ke2 Rh2+ 31. Kd1 d4 32. Kc2 Bf6 33. e4 Bg5 34. f4 Na3+ 35. Qxa3 Qxa3 36. Nc4 Qc3+ 0-1